|
|
|
|
| LEADER |
00858nam a22002537a 4500 |
| 001 |
AAL2587 |
| 003 |
BD-DhAAL |
| 005 |
20160123193834.0 |
| 008 |
160123b19991991ii a|||| |||| 00| 0 eng d |
| 020 |
|
|
|a 8190001922
|
| 040 |
|
|
|a BD-DhAAL
|c BD-DhAAL
|
| 082 |
|
|
|a 658/.00207
|
| 100 |
|
|
|a Batra, Promod
|9 17527
|
| 245 |
|
|
|a Management thoughts :
|b a collection /
|c Promod Batra and Vijay Batra
|
| 250 |
|
|
|a Rev. ed.
|
| 260 |
|
|
|a New Delhi :
|b Think Inc.,
|c 1999.
|
| 300 |
|
|
|a 326 p. :
|b ill. ;
|c 22 cm.
|
| 541 |
|
|
|e 2587
|
| 650 |
|
|
|a Management
|x Quotations, maxims, etc.
|9 17528
|
| 650 |
|
|
|a Management
|9 17529
|
| 700 |
|
|
|a Batra, Vijay
|9 17530
|
| 942 |
|
|
|2 ddc
|c BK
|
| 999 |
|
|
|c 36668
|d 36668
|
| 952 |
|
|
|0 0
|1 0
|2 ddc
|4 0
|6 658_000000000000000__00207_BAT
|7 0
|9 57677
|a SCL
|b SCL
|c GEN
|d 2016-01-23
|l 1
|o 658.00207 BAT
|p 3020002587
|r 2018-10-21
|s 2018-09-30
|t 1
|w 2016-01-23
|y BK
|